| 000 | 01101nam a2200229Ia 4500 | ||
|---|---|---|---|
| 003 | Ost | ||
| 005 | 20260507075032.0 | ||
| 008 | 260507s9999||||xx |||||||||||||| ||und|| | ||
| 020 | _a5263119957 | ||
| 040 | _cfsecg | ||
| 041 | _aara | ||
| 082 | _a330 | ||
| 100 |
_aحسنين، حسين محمد _eمؤلف |
||
| 245 | 0 |
_aدليل تخطيط المشروع : _bخطوات ميسرة تعتمد المشاركة الأهلية كأسلوب في تخطيط المشروعات مع التركيز على مشروعات التنمية الاجتماعية غير الربحية / _c حسين محمد حسنين |
|
| 260 |
_aعمان: _bدار مجدلاوي, _c2002 |
||
| 300 |
_a165 صفحة؛ _bإيضاحات ؛ _c24 سم |
||
| 520 | _aمراحل تخطيط المشروع- تحديد فكرة المشروع- جمع المعلومات- صياغة أهداف المشروع-توثيق المشروع- تمويل المشروع- تنفيذ المشروع- تقويم المشروع | ||
| 653 | _aالتخطيط | ||
| 653 | _aالتقويم | ||
| 653 | _aالمشروعات | ||
| 942 | _cكتاب | ||
| 999 |
_c42407 _d42407 |
||